| 000 | 00531nam a2200193Ia 4500 | ||
|---|---|---|---|
| 005 | 20240322112745.0 | ||
| 008 | 131103s9999 xx 000 0 und d | ||
| 040 | _aLoreto College | ||
| 041 | _aEnglish | ||
| 082 |
_a420.7 _bHOW |
||
| 100 | _aHowe, D. H. | ||
| 245 |
_aAdvance with english _b coursebook 2 _cD. H. Howe & Others |
||
| 260 |
_aDelhi _bOxford University Press _c1997 |
||
| 300 |
_a167p. _b ill. |
||
| 650 | _aEnglish language - Study & teaching | ||
| 700 | _aKirkpatrick, T. A. | ||
| 850 | _aLCBED | ||
| 942 | _cBK | ||
| 999 |
_c27821 _d78300 |
||